Viva -voice in Experimental pharmacology (Record no. 6228)

MARC details
000 -LEADER
fixed length control field 00462nam a22001697a 4500
005 - DATE AND TIME OF LATEST TRANSACTION
control field 20210826115108.0
008 - FIXED-LENGTH DATA ELEMENTS--GENERAL INFORMATION
fixed length control field 200517b xxu||||| |||| 00| 0 eng d
020 ## - INTERNATIONAL STANDARD BOOK NUMBER
ISBN 9788123925202
041 ## - LANGUAGE CODE
Language code of text/sound track or separate title eng
082 ## - DEWEY DECIMAL CLASSIFICATION NUMBER
Classification number 615.1 JAG
100 ## - MAIN ENTRY--AUTHOR NAME
Personal name JAGGI, AMTESHUAR
245 ## - TITLE STATEMENT
Title Viva -voice in Experimental pharmacology
Statement of responsibility, etc Amteshuar Jaggi
250 ## - EDITION STATEMENT
Edition statement 1'st
260 ## - PUBLICATION, DISTRIBUTION, ETC. (IMPRINT)
Place of publication New Dewlhi
Name of publisher CBS Publishers and distributors
Year of publication 2019
650 ## - SUBJECT ADDED ENTRY--TOPICAL TERM
Topical Term Pharmacy
942 ## - ADDED ENTRY ELEMENTS (KOHA)
Koha item type Books
Holdings
Lost status Damaged status Collection code Home library Current library Shelving location Date acquired Source of acquisition Cost, normal purchase price Full call number Accession Number Koha item type
    Reference JRU Library JRU Library SHELF-4-A 17/05/2020 PURCHASE 250.00 615.1 JAG 23917 Books
      JRU Library JRU Library SHELF-4-A 07/11/2025     615.1 JAG   Books